000 00828nam a2200229Ii 4500
003 JO-AjNU
008 230605s9999||||xx |||||||||||||| ||und||
017 _a2012/13056
020 _a978-977-383-261-6
040 _aJO-AjNU
_bara
_erda
_cJO-AjNU
041 _aara
050 1 4 _aLC3965 2013
100 3 _aأبو سيف، حسام أحمد محمد مؤلف/أبو النجا السيد أحمد السيد م.مشارك,
_eauthor
_944425
245 0 0 _aمدخل إلى التربية الخاصة = Intrance to Special Education
250 _aط1
264 3 1 _aالقاهرة:دار إيتراك،2012
300 _a322ص
336 _atext
_btxt
_2rdacontent
337 _aunmediated
_bn
_2rdamedia
338 _avolume
_bnc
_2rdacarrier
650 4 _aالمعوقون-تعليم. المعوقون-علم نفس
_944426
999 _aA19182
_c22750
_d22750